Statistics for Countries with embassies and consulates in Swaziland

Click here to take the quiz!

General Stats

  • This quiz has been taken 39 times
  • The average score is 4 of 6

Answer Stats

ContinentCountry% Correct
AfricaSouth Africa
100%
North AmericaUnited States of America
100%
EuropeUnited Kingdom
91%
AfricaMozambique
68%
AsiaTaiwan
44%
AsiaQatar
35%

Score Distribution

Percentile by Number Answered

Percent of People with Each Score

Your Score History

You have not taken this quiz